| 000 | 01065cam a22002771i 4500 | ||
|---|---|---|---|
| 003 | SA-RiAUC | ||
| 005 | 20240915150221.0 | ||
| 008 | 240912q19901999ua g i000 0 ara c | ||
| 040 |
_aJO-MaAABU _bara _cSA-RiAUC _erda |
||
| 050 | 4 | _b.A45 1990z | |
| 082 | 0 | 4 | _a253.4 |
| 090 |
_a253.4 _b ا م ي |
||
| 100 | 1 |
_aالأمين، حسن عبد الله _eمؤلف. |
|
| 245 | 1 | 2 |
_aالفوائد المصرفية والربا / _cحسن عبد الله الأمين. |
| 264 | 1 |
_aالقاهرة : _bالاتحاد الدولي للبنوك الإسلامية، _c[بين 1990 و1999] |
|
| 300 |
_a62 صفحة ؛ _c24 سم. |
||
| 336 |
_aنص _btxt _2rdacontent _3كتاب |
||
| 337 |
_aبدون وسيط _bn _2rdamedia |
||
| 338 |
_aمجلد _bnc _2rdacarrier |
||
| 490 | 0 | _aسلسلة المصارف في إطار الإسلام | |
| 650 | 7 |
_aالربا (فقه إسلامي) _2aucsh |
|
| 650 | 7 |
_aالفائدة (بنوك) _2aucsh |
|
| 650 | 7 |
_aالبنوك الإسلامية _2aucsh |
|
| 942 |
_2ddc _cBOOK |
||
| 949 |
_aSA-JeALM _d240912 _umohamedma123 _n1 |
||
| 999 |
_c263 _d263 |
||